[Event "23e tournoi de Noël"]
[Site "Montigny le Bretonneux"]
[Date "2024.12.28"]
[Round "4.2"]
[White "Korte, Markus"]
[Black "Crouzet, Leo"]
[Result "1-0"]
[WhiteElo "1970"]
[BlackElo "1829"]
[Annotator "Rivier,Sylvain"]
[PlyCount "97"]
[EventDate "2024.??.??"]
[WhiteTeam "Ecole Française d'Echecs de Metz"]
[BlackTeam "GIF-CC2-Echecs"]

{Défense sicilienne, variante Alapine} 1. e4 c5 2. c3 Nf6 3. e5 Nd5 4. d4 cxd4
5. Nf3 Nc6 6. cxd4 d6 7. Bc4 dxe5 8. Nxe5 e6 9. Nxc6 bxc6 10. O-O Be7 11. a3 a5
12. Re1 O-O 13. Nc3 Ba6 14. Bb3 Nxc3 15. bxc3 c5 16. Bc2 cxd4 17. cxd4 Bf6 18.
Be3 Qd5 19. Bb3 Qd6 20. Qd2 Rfd8 21. Qxa5 Bb7 22. Qd2 Rxa3 23. Rxa3 Qxa3 24.
Ba2 Qa4 25. Rc1 Bxd4 26. Rc4 Qa8 27. Rxd4 Rxd4 28. Qxd4 Bxg2 29. Qa7 Qxa7 30.
Bxa7 Bh3 31. Bc5 g5 32. f3 Kg7 33. Kf2 h5 34. Be7 g4 35. Kg3 e5 36. Bb1 Bf1 37.
fxg4 hxg4 38. Kxg4 Bg2 39. Kf5 Kh6 40. Kxe5 Bh3 41. Kf6 Be6 42. Bf5 Bd5 43. Bd7
Kh5 44. Be8 Kg4 45. Bxf7 Be4 46. Be6+ Kh5 47. Kg7 Bf5 48. Bf7+ Kg4 49. h4 1-0

[Event "23e tournoi de Noël"]
[Site "Montigny le Bretonneux"]
[Date "2024.12.28"]
[Round "4.3"]
[White "Divies, Renaud"]
[Black "Imbert, Christophe"]
[Result "1-0"]
[WhiteElo "1922"]
[BlackElo "1902"]
[Annotator "Rivier,Sylvain"]
[PlyCount "65"]
[EventDate "2024.??.??"]
[WhiteTeam "Club d'Echecs du Vesinet"]
[BlackTeam "Club d'Echecs du Vesinet"]

{Défense néo-Grünfeld, déviation au 3e coup} 1. d4 Nf6 2. c4 g6 3. f3 d5 4.
cxd5 Nxd5 5. e4 Nb6 6. Be3 Bg7 7. Nc3 Nc6 8. Bb5 a6 9. Bxc6+ bxc6 10. Nge2 a5
11. Qc2 a4 12. O-O Ba6 13. Rad1 Nc4 14. Bc1 a3 15. b3 Nd6 16. Na4 Bxe2 17. Qxe2
Nb5 18. Qc4 Qd7 19. d5 cxd5 20. Rxd5 Nd6 21. Qc2 c6 22. Rd3 Qa7+ 23. Kh1 O-O
24. Bxa3 c5 25. Bxc5 Rfc8 26. Qf2 Qa6 27. Rfd1 Rc6 28. Nb6 Rb8 29. Nd5 Bf8 30.
Nb4 Rxb4 31. Bxb4 e6 32. a3 Qxd3 33. Rxd3 1-0

[Event "23e tournoi de Noël"]
[Site "Montigny le Bretonneux"]
[Date "2024.12.28"]
[Round "4.4"]
[White "Artieres, Michel"]
[Black "Conq, Alain"]
[Result "1-0"]
[WhiteElo "1807"]
[BlackElo "1831"]
[Annotator "Rivier,Sylvain"]
[PlyCount "51"]
[EventDate "2024.??.??"]
[WhiteTeam "La Dame Noire"]
[BlackTeam "Echiquier Scéen - Sceaux"]

{Défense sicilienne, variante O'Kelly} 1. e4 c5 2. Nf3 a6 3. d4 cxd4 4. Nxd4
Nf6 5. Nc3 e5 6. Nb3 Bb4 7. Bg5 Bxc3+ 8. bxc3 Qc7 9. Qd3 h6 10. Bxf6 gxf6 11.
Be2 Rg8 12. O-O d6 13. Rad1 Ke7 14. f4 Nd7 15. Kh1 Nc5 16. Qe3 Na4 17. fxe5
dxe5 18. Qxh6 Rg6 19. Qh7 Bg4 20. Bxg4 Rxg4 21. Rxf6 Kxf6 22. Qf5+ Ke7 23. Qxg4
Nxc3 24. Qh4+ Ke6 25. Rf1 Qe7 26. Qh3+ 1-0

[Event "23e tournoi de Noël"]
[Site "Montigny le Bretonneux"]
[Date "2024.12.28"]
[Round "4.5"]
[White "Couradin, Jean-Marie"]
[Black "Wuthrich, Guillaume"]
[Result "0-1"]
[WhiteElo "1703"]
[BlackElo "1959"]
[Annotator "Rivier,Sylvain"]
[PlyCount "70"]
[EventDate "2024.??.??"]
[WhiteTeam "La Dame Noire"]
[BlackTeam "Le Cavalier de La Reine Bourg-La-Reine"]

{Début Réti} 1. Nf3 Nf6 2. g3 g6 3. Bg2 Bg7 4. d3 O-O 5. O-O d6 6. e4 c5 7.
c3 Nc6 8. Nbd2 Qc7 9. a4 b6 10. Re1 Bb7 11. Nc4 Rad8 12. Qe2 e5 13. Bg5 h6 14.
Bxf6 Bxf6 15. Ne3 Bg7 16. Nd5 Qd7 17. Nd2 Ne7 18. c4 Nc6 19. Nb3 Na5 20. Nxa5
bxa5 21. Qd2 Bxd5 22. cxd5 Qc7 23. Bf3 Kh7 24. Bd1 Rb8 25. Ra3 Rb4 26. Rc3 h5
27. b3 Bh6 28. Qc2 Kg7 29. Qe2 h4 30. Qg4 Bd2 31. Re3 Bxc3 32. Rf3 Qe7 33. gxh4
Rh8 34. Rh3 Rbb8 35. h5 Rh6 0-1

[Event "23e tournoi de Noël"]
[Site "Montigny le Bretonneux"]
[Date "2024.12.28"]
[Round "4.6"]
[White "Gauthier, Laurent"]
[Black "Imbert, Nicolas"]
[Result "1-0"]
[WhiteElo "1831"]
[BlackElo "1640"]
[Annotator "Rivier,Sylvain"]
[PlyCount "63"]
[EventDate "2024.??.??"]
[WhiteTeam "Les Tours d'Angoulême"]
[BlackTeam "Saint-Quentin en Yvelines"]

{Défense est-indienne} 1. d4 d6 2. g3 g6 3. Bg2 Bg7 4. Nf3 Nf6 5. O-O O-O 6.
c4 c5 7. e3 Nc6 8. Nbd2 Qc7 9. Rb1 a5 10. a3 Rb8 11. Re1 Re8 12. d5 Nd8 13. b3
e6 14. e4 e5 15. Qc2 Bd7 16. Nf1 b5 17. cxb5 Rxb5 18. Bd2 Nb7 19. Ne3 Rb6 20.
Bf1 a4 21. b4 Bh6 22. b5 Bxe3 23. Bxe3 Ra8 24. Bd2 Qc8 25. Bg5 Nxe4 26. Qxe4
Bf5 27. Qh4 Bxb1 28. Rxb1 Qf5 29. Nd2 Qc8 30. Ne4 h5 31. Be2 c4 32. Nf6+ 1-0

[Event "23e tournoi de Noël"]
[Site "Montigny le Bretonneux"]
[Date "2024.12.28"]
[Round "4.7"]
[White "Neveu, Raphael"]
[Black "Martin, Gabriel"]
[Result "1/2-1/2"]
[WhiteElo "1640"]
[BlackElo "1753"]
[Annotator "Rivier,Sylvain"]
[PlyCount "84"]
[EventDate "2024.??.??"]
[WhiteTeam "La Dame Noire"]
[BlackTeam "Club d'Echecs d'Orsay"]

{Défense sicilienne, variante Löwenthal} 1. e4 c5 2. Nf3 Nc6 3. d4 cxd4 4.
Nxd4 e5 5. Nb5 d6 6. N5c3 a6 7. Na3 b5 8. Nd5 Nf6 9. Bg5 Be7 10. Nxf6+ Bxf6 11.
Bxf6 Qxf6 12. c3 O-O 13. Nc2 Ne7 14. Be2 Bb7 15. Bf3 Rfd8 16. Ne3 Qe6 17. O-O
d5 18. exd5 Nxd5 19. Nxd5 Bxd5 20. Bxd5 Rxd5 21. Qe2 Rad8 22. Rfd1 g6 23. a3
Kg7 24. Kf1 h5 25. Ke1 Qc6 26. f3 Qc5 27. Kf1 f5 28. Rxd5 Rxd5 29. Rd1 Kf6 30.
Rxd5 Qxd5 31. Ke1 e4 32. f4 Qc5 33. g3 a5 34. Kd2 a4 35. Kc2 Qd5 36. Qe3 Qb3+
37. Kc1 Qc4 38. Qb6+ Kg7 39. Qa7+ Kh6 40. Qb8 Qf1+ 41. Kc2 Qd3+ 42. Kc1 Qf1+
1/2-1/2

[Event "23e tournoi de Noël"]
[Site "Montigny le Bretonneux"]
[Date "2024.12.28"]
[Round "4.8"]
[White "Corbillet, Mathieu"]
[Black "Fasquelle, Cedric"]
[Result "0-1"]
[WhiteElo "1631"]
[BlackElo "1739"]
[Annotator "Rivier,Sylvain"]
[PlyCount "62"]
[EventDate "2024.??.??"]
[WhiteTeam "La Dame Noire"]
[BlackTeam "Saint-Quentin en Yvelines"]

{Défense sicilienne} 1. e4 c5 2. Nf3 e6 3. Nc3 Nc6 4. Bc4 a6 5. a4 Qc7 6. d4
cxd4 7. Nxd4 Bb4 8. Nxc6 Qxc6 9. Qd4 Nf6 10. Bd3 Bc5 11. Qc4 b5 12. Qb3 b4 13.
Na2 a5 14. O-O Nxe4 15. Bxe4 Qxe4 16. Be3 Bb7 17. f3 Qxe3+ 18. Kh1 Qxb3 19.
cxb3 O-O 20. Nc1 Ba6 21. Re1 Rac8 22. Ne2 Bxe2 23. Rxe2 Be7 24. Rd1 d5 25. g4
Rc7 26. f4 Rfc8 27. Rdd2 Rc1+ 28. Kg2 Bc5 29. g5 Rg1+ 30. Kf3 Rf1+ 31. Kg3 Bd6
0-1

[Event "23e tournoi de Noël"]
[Site "Montigny le Bretonneux"]
[Date "2024.12.28"]
[Round "4.9"]
[White "Appavou, Calixte"]
[Black "Charlet, Tristan"]
[Result "1/2-1/2"]
[WhiteElo "1734"]
[BlackElo "1399"]
[Annotator "Rivier,Sylvain"]
[PlyCount "41"]
[EventDate "2024.??.??"]
[WhiteTeam "Saint-Quentin en Yvelines"]
[BlackTeam "Club d'Echecs d'Orsay"]

{Début du fou, défense berlinoise} 1. e4 e5 2. Nf3 Nc6 3. Bc4 Be7 4. a3 Nf6
5. d3 d6 6. h3 Be6 7. Nbd2 Bxc4 8. Nxc4 O-O 9. O-O Re8 10. Bg5 Nh5 11. Bd2 Nf4
12. Ne3 Bg5 13. Kh2 Re6 14. Nf5 Rg6 15. g3 Ne6 16. Bxg5 Nxg5 17. N3h4 Rf6 18.
Qg4 Ne6 19. Ne3 Rh6 20. Nef5 Rf6 21. Ne3 1/2-1/2

[Event "23e tournoi de Noël"]
[Site "Montigny le Bretonneux"]
[Date "2024.12.28"]
[Round "4.10"]
[White "Meddour, Ithri"]
[Black "Arutyunov, Mikael"]
[Result "0-1"]
[WhiteElo "1483"]
[BlackElo "1730"]
[Annotator "Rivier,Sylvain"]
[PlyCount "34"]
[EventDate "2024.??.??"]
[WhiteTeam "Saint-Quentin en Yvelines"]
[BlackTeam "Tours et Detours Club d'Echecs Centre Brie"]

{Partie viennoise} 1. e4 e5 2. Nc3 Nf6 3. f4 d5 4. fxe5 Nxe4 5. Nxe4 dxe4 6.
Qe2 Bf5 7. Qb5+ Nc6 8. Qxb7 Bd7 9. c3 Rb8 10. Qa6 Nxe5 11. Qxa7 Bd6 12. g3 O-O
13. Qf2 Re8 14. d4 exd3 15. Kd1 Bg4+ 16. Ne2 dxe2+ 17. Bxe2 Bc5+ 0-1

[Event "23e tournoi de Noël"]
[Site "Montigny le Bretonneux"]
[Date "2024.12.28"]
[Round "4.11"]
[White "Salhi, Clement"]
[Black "Sondermeijer, Antoine"]
[Result "0-1"]
[WhiteElo "1299"]
[BlackElo "1719"]
[Annotator "Rivier,Sylvain"]
[PlyCount "80"]
[EventDate "2024.??.??"]
[WhiteTeam "Club du Canal St-Martin Paris"]
[BlackTeam "Club d'Echecs de Guyancourt"]

{Ouverture anglaise, variante néo-catalane refusée} 1. d4 d5 2. Nf3 Nf6 3. c4
e6 4. g3 Be7 5. Bg2 O-O 6. O-O c5 7. b3 dxc4 8. bxc4 Nc6 9. e3 cxd4 10. exd4
Qb6 11. Nc3 Rd8 12. Rb1 Qc7 13. Bf4 Qd7 14. Nb5 Ne8 15. Be3 Nd6 16. Nxd6 Bxd6
17. Qc2 Bf8 18. Rfd1 Nb4 19. Qb3 a5 20. Ne5 Qe8 21. h4 a4 22. Qb2 a3 23. Qb3
Qa4 24. Nd3 Qxb3 25. Rxb3 Nc2 26. d5 Nxe3 27. fxe3 exd5 28. cxd5 Bg4 29. Rd2
Bd6 30. Nf4 Rab8 31. Rdd3 Rdc8 32. Rdc3 Rxc3 33. Rxc3 Kf8 34. Be4 b5 35. Rc6
Ke7 36. Bc2 Rc8 37. Bb3 Bd7 38. Ra6 Rc3 39. Kf2 b4 40. Ke2 Bb5+ 0-1

[Event "23e tournoi de Noël"]
[Site "Montigny le Bretonneux"]
[Date "2024.12.28"]
[Round "4.12"]
[White "Sanchez-Narboni, Quentin"]
[Black "Fayolle, Guy"]
[Result "1-0"]
[WhiteElo "1841"]
[BlackElo "1696"]
[Annotator "Rivier,Sylvain"]
[PlyCount "43"]
[EventDate "2024.??.??"]
[WhiteTeam "GIF-CC2-Echecs"]
[BlackTeam "Saint-Quentin en Yvelines"]

{Défense Pirc} 1. d4 Nf6 2. Bf4 g6 3. Nc3 Bg7 4. e4 d6 5. Qd2 O-O 6. O-O-O a6
7. h4 h5 8. Be2 b5 9. f3 Nbd7 10. Bh6 c5 11. Bxg7 Kxg7 12. dxc5 Nxc5 13. e5 Ne8
14. exd6 exd6 15. g4 hxg4 16. fxg4 Rh8 17. Nf3 Bxg4 18. Rdg1 Bh5 19. Nd4 Bxe2
20. Ncxe2 Rxh4 21. Rxh4 Qxh4 22. Nf5+ 1-0

[Event "23e tournoi de Noël"]
[Site "Montigny le Bretonneux"]
[Date "2024.12.28"]
[Round "4.13"]
[White "Nicol, Christian"]
[Black "Kunne, Ronald"]
[Result "0-1"]
[WhiteElo "1579"]
[BlackElo "1803"]
[Annotator "Rivier,Sylvain"]
[PlyCount "86"]
[EventDate "2024.??.??"]
[WhiteTeam "Saint-Quentin en Yvelines"]
[BlackTeam "Club d'Echecs d'Orsay"]

{Partie du pion dame} 1. d4 d5 2. Bf4 Nf6 3. e3 c5 4. c3 e6 5. Nf3 Nh5 6. Bg5
f6 7. Bh4 g6 8. g4 Ng7 9. g5 Nf5 10. Rg1 Nxh4 11. Nxh4 Be7 12. gxf6 Bxf6 13.
Nf3 O-O 14. Ne5 Bxe5 15. dxe5 Qh4 16. Rg2 Nc6 17. Nd2 Nxe5 18. Qe2 c4 19. O-O-O
Nd3+ 20. Kb1 Rxf2 21. Rxf2 Qxf2 22. Qg4 e5 23. Qg5 Bf5 24. Ka1 Rf8 25. Qe7 Bg4
26. Bxd3 Bxd1 27. Bxg6 hxg6 28. Qe6+ Qf7 29. Qxe5 Bc2 30. a4 Qd7 31. b3 cxb3
32. Kb2 Re8 33. Qd4 Re6 34. Qxa7 Ra6 35. Qb8+ Kh7 36. Nf3 Rxa4 37. Ng5+ Kh6 38.
Qh8+ Kxg5 39. Qe5+ Qf5 40. Qg3+ Kh6 41. c4 Qf6+ 42. Kc1 Qa1+ 43. Kd2 Qd1+ 0-1

[Event "23e tournoi de Noël"]
[Site "Montigny le Bretonneux"]
[Date "2024.12.28"]
[Round "4.14"]
[White "Weens, William"]
[Black "Ndika, Anthony"]
[Result "1-0"]
[WhiteElo "1782"]
[BlackElo "1538"]
[Annotator "Rivier,Sylvain"]
[PlyCount "67"]
[EventDate "2024.??.??"]
[WhiteTeam "ECHECS 78"]
[BlackTeam "L'Hay les Roses Echecs et Mat"]

{Défense française, variante Tarrasch fermée} 1. e4 e6 2. d4 d5 3. Nd2 Nf6
4. e5 Nfd7 5. c3 c5 6. Bd3 Nc6 7. Ne2 Qg5 8. O-O Qh5 9. Nf3 f5 10. exf6 Nxf6
11. Ng3 Qf7 12. Re1 h6 13. Bb5 Bd7 14. Qe2 O-O-O 15. Bxc6 bxc6 16. Qa6+ Kb8 17.
Bf4+ Ka8 18. Ne5 Qe8 19. Nd3 Bc8 20. Qa5 c4 21. Ne5 Bd6 22. b3 Nd7 23. Nxc6 a6
24. Bxd6 Bb7 25. Nxd8 Qxd8 26. Qxd8+ Rxd8 27. bxc4 dxc4 28. Rxe6 Nf6 29. Be5
Nd5 30. Ne2 g5 31. Rb1 Nf4 32. Nxf4 gxf4 33. Bxf4 Rg8 34. g3 1-0

[Event "23e tournoi de Noël"]
[Site "Montigny le Bretonneux"]
[Date "2024.12.28"]
[Round "4.15"]
[White "Couradin, Bruno"]
[Black "Salagnac, Sowan"]
[Result "0-1"]
[WhiteElo "1577"]
[BlackElo "1702"]
[Annotator "Rivier,Sylvain"]
[PlyCount "90"]
[EventDate "2024.??.??"]
[WhiteTeam "La Dame Noire"]
[BlackTeam "Saint-Quentin en Yvelines"]

{Partie des quatre cavaliers, variante espagnole} 1. e4 e5 2. Nf3 Nf6 3. Nc3
Nc6 4. Bb5 Nd4 5. Nxe5 Qe7 6. f4 Nxb5 7. Nxb5 d6 8. Nf3 Qxe4+ 9. Qe2 Qxe2+ 10.
Kxe2 Kd8 11. d3 Be6 12. Re1 Kd7 13. Nbd4 Re8 14. Kf1 g6 15. Bd2 Bg7 16. Nxe6
Rxe6 17. Bc3 Rhe8 18. Ng5 Rxe1+ 19. Rxe1 h6 20. Ne4 Re6 21. h3 Nh5 22. Bxg7
Nxg7 23. g4 f5 24. Nc3 fxg4 25. hxg4 Rxe1+ 26. Kxe1 Ne6 27. Ne2 c5 28. Kf2 d5
29. Kf3 Kd6 30. c3 b5 31. d4 c4 32. Ng3 Ng7 33. f5 gxf5 34. Nxf5+ Nxf5 35. gxf5
Ke7 36. Kf4 Kf6 37. b3 a5 38. bxc4 bxc4 39. Kg4 h5+ 40. Kxh5 Kxf5 41. Kh4 Ke4
42. Kg4 Kd3 43. Kf4 Kxc3 44. Ke5 Kb2 45. Kxd5 c3 0-1

[Event "23e tournoi de Noël"]
[Site "Montigny le Bretonneux"]
[Date "2024.12.28"]
[Round "4.16"]
[White "Nguyen, Bui Nhat Duy"]
[Black "Longbien, Dominique"]
[Result "0-1"]
[WhiteElo "1401"]
[BlackElo "1682"]
[Annotator "Rivier,Sylvain"]
[PlyCount "68"]
[EventDate "2024.??.??"]
[WhiteTeam "Club d'Echecs d'Orsay"]
[BlackTeam "La Dame Noire"]

{Partie du centre} 1. e4 e5 2. d4 exd4 3. c3 d6 4. cxd4 Nf6 5. Nc3 Be7 6. Nf3
O-O 7. Be2 Bg4 8. Be3 c6 9. Nd2 Qc8 10. f3 Be6 11. g4 d5 12. g5 Ne8 13. e5 c5
14. Qc2 cxd4 15. Bxd4 Nc6 16. Nb3 Bxg5 17. Bd3 Nxd4 18. Nxd4 g6 19. h4 Bf4 20.
Qf2 Qc7 21. Kd1 Ng7 22. Kc2 Bxe5 23. h5 gxh5 24. Rag1 Qc5 25. Rxh5 Qxd4 26. Qg2
f5 27. Rgh1 Kf7 28. Rxh7 Rg8 29. f4 Qxf4 30. Nxd5 Rac8+ 31. Kb1 Qd4 32. Nc3
Qxd3+ 33. Ka1 Rxc3 34. Qxb7+ Rc7 0-1

[Event "23e tournoi de Noël"]
[Site "Montigny le Bretonneux"]
[Date "2024.12.28"]
[Round "4.17"]
[White "Benkaci, Massin"]
[Black "Garabedian, Christophe"]
[Result "1-0"]
[WhiteElo "1655"]
[BlackElo "1476"]
[Annotator "Rivier,Sylvain"]
[PlyCount "27"]
[EventDate "2024.??.??"]
[WhiteTeam "Club du Canal St-Martin Paris"]
[BlackTeam "La Dame Noire"]

{Défense moderne, système Averbach} 1. d4 g6 2. c4 Bg7 3. Nf3 d6 4. Nc3 Nd7
5. e4 a6 6. Be2 c5 7. Be3 Qc7 8. O-O Ngf6 9. d5 O-O 10. Rb1 Ng4 11. Bf4 e5 12.
dxe6 Nde5 13. Nd5 Qc6 14. Ne7+ 1-0

[Event "23e tournoi de Noël"]
[Site "Montigny le Bretonneux"]
[Date "2024.12.28"]
[Round "4.18"]
[White "Barthere, Gilles"]
[Black "Bouloc, Roger"]
[Result "1-0"]
[WhiteElo "1630"]
[BlackElo "1491"]
[Annotator "Rivier,Sylvain"]
[PlyCount "121"]
[EventDate "2024.??.??"]
[WhiteTeam "CE Le Roi Soleil - Le Chesnay - Versailles"]
[BlackTeam "La Dame Noire"]

{Défense sicilienne, variante Najdorf} 1. e4 c5 2. Nf3 d6 3. d4 cxd4 4. Nxd4
Nc6 5. Nc3 Nf6 6. Bg5 a6 7. f4 e6 8. Be2 Be7 9. Qd2 O-O 10. O-O-O Re8 11. Nxc6
bxc6 12. Bxf6 Bxf6 13. Qxd6 Qb6 14. Qd3 Bb7 15. e5 Be7 16. Qd4 c5 17. Qf2 Bc6
18. Bf3 Rab8 19. b3 Bxf3 20. Qxf3 Red8 21. Rxd8+ Rxd8 22. Rd1 f6 23. Rxd8+ Qxd8
24. Qd3 Qxd3 25. cxd3 fxe5 26. fxe5 Bg5+ 27. Kd1 Bf4 28. h3 Bxe5 29. Ne4 h6 30.
Nxc5 Kf7 31. Nxa6 Bd4 32. a4 e5 33. Ke2 h5 34. Kf3 Ke6 35. b4 Kd6 36. b5 Bb6
37. Ke4 Ke6 38. Nb4 Bd4 39. Nd5 Kd6 40. a5 Bc3 41. b6 Bd4 42. a6 Kc6 43. b7 Ba7
44. Kxe5 Kb5 45. Nf4 h4 46. Ng6 Kxa6 47. Nxh4 Kxb7 48. d4 Bb8+ 49. Ke6 g5 50.
Ng6 Kc8 51. Kf5 Kd7 52. Kxg5 Kc6 53. Nf4 Kd6 54. h4 Ke7 55. h5 Kf7 56. h6 Kg8
57. Ng6 Bd6 58. g4 Kh7 59. Kh5 Kg8 60. Ne5 Bc7 61. Kg6 1-0

[Event "23e tournoi de Noël"]
[Site "Montigny le Bretonneux"]
[Date "2024.12.28"]
[Round "4.19"]
[White "Foveau, Guillaume"]
[Black "Rabetrano, Arthur"]
[Result "1-0"]
[WhiteElo "1588"]
[BlackElo "1299"]
[Annotator "Rivier,Sylvain"]
[PlyCount "51"]
[EventDate "2024.??.??"]
[WhiteTeam "La Dame Noire"]
[BlackTeam "AGJA-Echiquier Aquitaine"]

{Gambit dame refusé} 1. d4 e6 2. c4 d5 3. cxd5 exd5 4. Nf3 Nf6 5. e3 Bd6 6.
Be2 Be6 7. O-O Nbd7 8. Nbd2 O-O 9. b3 Re8 10. Qc2 Rc8 11. Bb2 c5 12. Qd1 Qc7
13. Rc1 Bg4 14. dxc5 Be7 15. b4 Qb8 16. Nb3 b6 17. c6 Nf8 18. Be5 Bd6 19. Bxf6
gxf6 20. b5 Bxf3 21. Bxf3 Bxh2+ 22. Kh1 Re5 23. g3 Bxg3 24. fxg3 Rxe3 25. Kg2
Rd8 26. c7 1-0

[Event "23e tournoi de Noël"]
[Site "Montigny le Bretonneux"]
[Date "2024.12.28"]
[Round "4.20"]
[White "Nguyen, Hai Nam"]
[Black "Pages, Clement"]
[Result "1-0"]
[WhiteElo "1299"]
[BlackElo "1538"]
[Annotator "Rivier,Sylvain"]
[PlyCount "36"]
[EventDate "2024.??.??"]
[WhiteTeam "Club d'Echecs de Guyancourt"]
[BlackTeam "L'Hay les Roses Echecs et Mat"]

{Défense Caro-Kann, variante d'échange} 1. e4 c6 2. d4 d5 3. exd5 cxd5 4. Nc3
Nf6 5. Nf3 Bf5 6. Bf4 e6 7. Qd2 Bb4 8. a3 Ba5 9. Bb5+ Nbd7 10. O-O O-O 11. b4
Ne4 12. Nxe4 Bxe4 13. Ng5 Bc7 14. Bd3 Bxf4 15. Qxf4 Bxd3 16. cxd3 Rc8 17. Rfe1
Qf6 18. Qxf6 Nxf6 1-0

[Event "23e tournoi de Noël"]
[Site "Montigny le Bretonneux"]
[Date "2024.12.28"]
[Round "4.21"]
[White "Chakour, Samir"]
[Black "Moulun, Raphael"]
[Result "1-0"]
[WhiteElo "1461"]
[BlackElo "1597"]
[Annotator "Rivier,Sylvain"]
[PlyCount "83"]
[EventDate "2024.??.??"]
[WhiteTeam "Saint-Quentin en Yvelines"]
[BlackTeam "La Dame Noire"]

{Début Réti, système Barcza} 1. Nf3 Nf6 2. g3 d5 3. Bg2 g6 4. O-O Bg7 5. c3
O-O 6. d3 b6 7. Qc2 Bb7 8. Nfd2 Nbd7 9. Re1 c5 10. e4 e5 11. Na3 a6 12. Rb1 Rc8
13. b3 b5 14. b4 cxb4 15. Rxb4 Qc7 16. Bb2 Rfe8 17. Qb1 Bf8 18. Rb3 Nc5 19. Rb4
Qa5 20. Bc1 Na4 21. Nb3 Qc7 22. Rxa4 bxa4 23. Nd2 Qxc3 24. Qxb7 Bxa3 25. Bxa3
Qxa3 26. exd5 Qxd3 27. Ne4 Nxe4 28. Bxe4 Qd2 29. Rf1 f5 30. Bg2 e4 31. h4 Rcd8
32. Qb1 Qxd5 33. Kh2 Rb8 34. Qc2 a3 35. Rd1 Qf7 36. Bf1 Rec8 37. Qa4 Qxa2 38.
Rd8+ Kg7 39. Rd7+ Kh6 40. Qd4 Rh8 41. Qe3+ Kh5 42. Qg5# 1-0

[Event "23e tournoi de Noël"]
[Site "Montigny le Bretonneux"]
[Date "2024.12.28"]
[Round "4.22"]
[White "Carbonero, Jean Marc"]
[Black "Fasquelle, Yann"]
[Result "0-1"]
[WhiteElo "1399"]
[BlackElo "1563"]
[Annotator "Rivier,Sylvain"]
[PlyCount "58"]
[EventDate "2024.??.??"]
[WhiteTeam "La Dame Noire"]
[BlackTeam "Saint-Quentin en Yvelines"]

{Défense sicilienne, variante Rossolimo} 1. e4 c5 2. Bb5 a6 3. Be2 Nc6 4. Nf3
e6 5. O-O b5 6. c4 b4 7. d3 Bb7 8. a4 g6 9. Bf4 Bg7 10. Qb3 Nge7 11. Nbd2 O-O
12. Bd6 Qb6 13. Ra2 Na5 14. Qd1 Qxd6 15. b3 Nec6 16. Qc2 Qc7 17. Rd1 Rad8 18.
Rda1 d6 19. Re1 Bc8 20. Bf1 f5 21. Ng5 Bc3 22. Re3 Qe7 23. f4 Bd4 24. Kf2 fxe4
25. g3 Qxg5 26. Nxe4 Rxf4+ 27. gxf4 Qxf4+ 28. Kg1 Bxe3+ 29. Kh1 Qxf1# 0-1

[Event "23e tournoi de Noël"]
[Site "Montigny le Bretonneux"]
[Date "2024.12.29"]
[Round "5.1"]
[White "Ben Khelifa, Noomene"]
[Black "Korte, Markus"]
[Result "1/2-1/2"]
[WhiteElo "2049"]
[BlackElo "1970"]
[Annotator "Rivier,Sylvain"]
[PlyCount "100"]
[EventDate "2024.??.??"]
[WhiteTeam "Cavalier Bleu Drancy"]
[BlackTeam "Ecole Française d'Echecs de Metz"]

{Gambit dame, défense semi-slave} 1. d4 d5 2. c4 c6 3. e3 Nf6 4. Nc3 e6 5. Nf3
Nbd7 6. Bd3 dxc4 7. Bxc4 b5 8. Bb3 b4 9. Ne2 Bb7 10. O-O Bd6 11. Nf4 Qe7 12.
Ng5 Nd5 13. Nfh3 h6 14. e4 hxg5 15. exd5 cxd5 16. Bxg5 Bxh2+ 17. Kxh2 Qxg5 18.
f4 Qh4 19. Ba4 Rd8 20. Rc1 Ba6 21. Rf3 O-O 22. Bxd7 Rxd7 23. Qa4 Rd6 24. Qxb4
Rb6 25. Qd2 Rfb8 26. b3 Bb5 27. Rc7 a6 28. Rfc3 Rf8 29. Ra7 g6 30. Kg1 Qg4 31.
Rcc7 Kg7 32. Qe1 Qf5 33. Kh2 Be8 34. Qa5 Rb5 35. Qc3 Rh8 36. Qe3 a5 37. a4 Rb4
38. Rxa5 Qf6 39. Qe5 Rxd4 40. Qxf6+ Kxf6 41. Ra8 Rb4 42. Rcc8 Ke7 43. Rc7+ Kf6
44. Rcc8 Ke7 45. Rcb8 Rxb8 46. Rxb8 Kd7 47. a5 Kc7 48. Ra8 Kb7 49. Rd8 Kc7 50.
Ra8 Kb7 1/2-1/2

[Event "23e tournoi de Noël"]
[Site "Montigny le Bretonneux"]
[Date "2024.12.29"]
[Round "5.2"]
[White "Artieres, Michel"]
[Black "Greuthier, Alois"]
[Result "0-1"]
[WhiteElo "1807"]
[BlackElo "1875"]
[Annotator "Rivier,Sylvain"]
[PlyCount "21"]
[EventDate "2024.??.??"]
[WhiteTeam "La Dame Noire"]
[BlackTeam "L'Echiquier Royal de Châtenoy le Royal"]

{Défense sicilienne, variante Najdorf} 1. e4 c5 2. Nf3 d6 3. d4 cxd4 4. Nxd4
Nf6 5. Nc3 a6 6. Bg5 e6 7. f4 Be7 8. Qf3 Qc7 9. O-O-O Nbd7 10. g4 h6 11. Bxh6
0-1

[Event "23e tournoi de Noël"]
[Site "Montigny le Bretonneux"]
[Date "2024.12.29"]
[Round "5.3"]
[White "Wuthrich, Guillaume"]
[Black "Crouzet, Leo"]
[Result "1-0"]
[WhiteElo "1959"]
[BlackElo "1829"]
[Annotator "Rivier,Sylvain"]
[PlyCount "53"]
[EventDate "2024.??.??"]
[WhiteTeam "Le Cavalier de La Reine Bourg-La-Reine"]
[BlackTeam "GIF-CC2-Echecs"]

{Défense sicilienne, variante Löwenthal} 1. e4 c5 2. Nf3 Nc6 3. d4 cxd4 4.
Nxd4 e5 5. Nb5 d6 6. c4 Be6 7. N1c3 a6 8. Na3 g6 9. Bd3 Bg7 10. O-O Nf6 11. Bg5
Qd7 12. Nd5 Bxd5 13. cxd5 Nd4 14. Nc4 Qd8 15. Bd2 a5 16. f4 b5 17. fxe5 bxc4
18. exf6 Bxf6 19. Bxc4 Be5 20. Qa4+ Qd7 21. Qxd7+ Kxd7 22. Rxf7+ Ke8 23. Raf1
Nf5 24. Rb7 Bd4+ 25. Kh1 Ne3 26. Bb5+ Kd8 27. Rff7 1-0

[Event "23e tournoi de Noël"]
[Site "Montigny le Bretonneux"]
[Date "2024.12.29"]
[Round "5.4"]
[White "Fasquelle, Cedric"]
[Black "Divies, Renaud"]
[Result "0-1"]
[WhiteElo "1739"]
[BlackElo "1922"]
[Annotator "Rivier,Sylvain"]
[PlyCount "52"]
[EventDate "2024.??.??"]
[WhiteTeam "Saint-Quentin en Yvelines"]
[BlackTeam "Club d'Echecs du Vesinet"]

{Défense sicilienne, variante Taïmanov} 1. e4 c5 2. Nf3 e6 3. d4 cxd4 4. Nxd4
a6 5. Nc3 Qc7 6. f4 b5 7. Bd3 Bb7 8. O-O Bc5 9. Be3 Nc6 10. Be2 Qb6 11. Ncxb5
axb5 12. c3 Nf6 13. e5 Nd5 14. Bf2 Nxf4 15. Bf3 Nxe5 16. b4 Nxf3+ 17. gxf3 Nh3+
18. Kg2 Nxf2 19. bxc5 Nxd1 20. cxb6 Ne3+ 21. Kf2 Nxf1 22. Nxb5 Ke7 23. Kxf1 Ba6
24. c4 Rhb8 25. Nc7 Bxc4+ 26. Ke1 Rxa2 0-1